<?xml version="1.0" encoding="UTF-8"?>
<record
    xmlns:xsi="http://www.w3.org/2001/XMLSchema-instance"
    xsi:schemaLocation="http://www.loc.gov/MARC21/slim http://www.loc.gov/standards/marcxml/schema/MARC21slim.xsd"
    xmlns="http://www.loc.gov/MARC21/slim">

  <leader>01075nam0a22002771  4500</leader>
  <controlfield tag="001">v19\rc\1869121</controlfield>
  <controlfield tag="005">20260406164318.0</controlfield>
  <datafield tag="035" ind1=" " ind2=" ">
    <subfield code="a">(NLR Aleph) 004960703</subfield>
  </datafield>
  <datafield tag="090" ind1=" " ind2=" ">
    <subfield code="a">5980704</subfield>
    <subfield code="c">5980704</subfield>
  </datafield>
  <datafield tag="100" ind1=" " ind2=" ">
    <subfield code="a">20080221d1910    u  y0rusy50      ca</subfield>
  </datafield>
  <datafield tag="101" ind1="1" ind2=" ">
    <subfield code="a">rus</subfield>
    <subfield code="a">lat</subfield>
    <subfield code="c">lat</subfield>
  </datafield>
  <datafield tag="102" ind1=" " ind2=" ">
    <subfield code="a">RU</subfield>
  </datafield>
  <datafield tag="105" ind1=" " ind2=" ">
    <subfield code="a">y   z   |||||</subfield>
  </datafield>
  <datafield tag="200" ind1="1" ind2=" ">
    <subfield code="a">&#x42D;&#x43D;&#x435;&#x438;&#x434;&#x430;</subfield>
    <subfield code="e">&#x41F;&#x435;&#x441;&#x43D;&#x44C; IV</subfield>
    <subfield code="e">&#x412; 2 &#x447;.</subfield>
    <subfield code="f">&#x421;&#x43E;&#x441;&#x442;. &#x424;.&#x417;. &#x41F;&#x435;&#x43C;&#x43E;&#x432;</subfield>
    <subfield code="h">&#x427;. 1</subfield>
    <subfield code="i">&#x422;&#x435;&#x43A;&#x441;&#x442; (&#x43F;&#x43E; &#x438;&#x437;&#x434;. &#x422;&#x435;&#x439;&#x431;&#x43D;&#x435;&#x440;&#x430;)</subfield>
    <subfield code="h">&#x427;. 2</subfield>
    <subfield code="i">&#x421;&#x43B;&#x43E;&#x432;&#x430;, &#x441;&#x438;&#x43D;&#x442;&#x430;&#x43A;&#x441;&#x438;&#x447;&#x435;&#x441;&#x43A;&#x438;&#x439; &#x440;&#x430;&#x437;&#x431;&#x43E;&#x440; &#x441; &#x433;&#x440;&#x430;&#x43C;. &#x43F;&#x440;&#x438;&#x43C;&#x435;&#x447;. &#x438; &#x43F;&#x435;&#x440;&#x435;&#x432;&#x43E;&#x434;</subfield>
  </datafield>
  <datafield tag="210" ind1=" " ind2=" ">
    <subfield code="a">&#x41A;&#x438;&#x435;&#x432; [&#x438; &#x434;&#x440;.]</subfield>
    <subfield code="c">&#x424;.&#x410;. &#x418;&#x43E;&#x433;&#x430;&#x43D;&#x441;&#x43E;&#x43D;</subfield>
    <subfield code="d">1910</subfield>
    <subfield code="e">&#x41A;&#x438;&#x435;&#x432;</subfield>
  </datafield>
  <datafield tag="215" ind1=" " ind2=" ">
    <subfield code="a">208 &#x441;.</subfield>
    <subfield code="d">15</subfield>
  </datafield>
  <datafield tag="300" ind1=" " ind2=" ">
    <subfield code="a">&#x41D;&#x430; &#x442;&#x438;&#x442;. &#x43B;. &#x438; &#x43E;&#x431;&#x43B;. &#x430;&#x432;&#x442;. &#x43D;&#x435; &#x443;&#x43A;&#x430;&#x437;&#x430;&#x43D;</subfield>
  </datafield>
  <datafield tag="700" ind1=" " ind2="1">
    <subfield code="8">rus</subfield>
    <subfield code="7">ca</subfield>
    <subfield code="a">&#x412;&#x435;&#x440;&#x433;&#x438;&#x43B;&#x438;&#x439; &#x41C;&#x430;&#x440;&#x43E;&#x43D;</subfield>
    <subfield code="b">&#x41F;.</subfield>
    <subfield code="g">&#x41F;&#x443;&#x431;&#x43B;&#x438;&#x439;</subfield>
    <subfield code="f">70-19 &#x434;&#x43E; &#x43D;.&#x44D;.</subfield>
    <subfield code="3">RU\NLR\AUTH\7710632</subfield>
    <subfield code="9">120399</subfield>
  </datafield>
  <datafield tag="702" ind1=" " ind2="1">
    <subfield code="a">&#x41F;&#x435;&#x43C;&#x43E;&#x432;</subfield>
    <subfield code="b">&#x424;.&#x417;.</subfield>
    <subfield code="4">220</subfield>
  </datafield>
  <datafield tag="801" ind1=" " ind2="0">
    <subfield code="a">RU</subfield>
    <subfield code="b">NLR</subfield>
    <subfield code="g">psbo</subfield>
  </datafield>
  <datafield tag="801" ind1=" " ind2="0">
    <subfield code="a">RU</subfield>
    <subfield code="b">RuMoRGB</subfield>
    <subfield code="2">psbo</subfield>
  </datafield>
  <datafield tag="801" ind1=" " ind2="1">
    <subfield code="a">RU</subfield>
    <subfield code="b">ProSoft-M</subfield>
    <subfield code="2">rusmarc</subfield>
  </datafield>
  <datafield tag="852" ind1=" " ind2=" ">
    <subfield code="a">NLR</subfield>
    <subfield code="j">34.82.5.1292</subfield>
  </datafield>
  <datafield tag="899" ind1=" " ind2=" ">
    <subfield code="a">RuMoRGB</subfield>
    <subfield code="j">U 74/207</subfield>
  </datafield>
  <datafield tag="942" ind1=" " ind2=" ">
    <subfield code="c">BOOK</subfield>
  </datafield>
  <datafield tag="980" ind1=" " ind2=" ">
    <subfield code="a">NB</subfield>
  </datafield>
  <datafield tag="995" ind1=" " ind2=" ">
    <subfield code="5">2013-10-26</subfield>
    <subfield code="b">NLR02</subfield>
    <subfield code="c">NLR02</subfield>
    <subfield code="e">RFS</subfield>
    <subfield code="f">4960703-10</subfield>
    <subfield code="k">34.82.5.1292</subfield>
    <subfield code="o">0</subfield>
    <subfield code="r">BOOK</subfield>
    <subfield code="s">348251292_</subfield>
  </datafield>
</record>
